000 00710nam a2200289Ia 4500
005 20260324115718.0
008 008 260324s9999 xx 000 0 eng d
020 _a9781315381626
037 _aEBOOK
040 _aCRL
040 _beng
040 _cCRL
041 _2eng
041 _aeng
084 _qCRL
100 _aWendy Despain
_91152538
245 0 _aTalking to Artists / Talking to Programmers
245 0 _bHow to Get Programmers and Artists Communicating
260 _bTaylor and Francis
260 _c2016
365 _a
365 _b310
856 _uhttp://www.taylorfrancis.com/books/9781315381626
942 _cEBOOK
999 _c1746794
_d1746794